000 01139nab a22002417a 4500
999 _c5597
_d5597
003 OSt
005 20251219181700.0
008 190429b xxu||||| |||| 00| 0 spa d
040 _cPJ
100 _92846
_aVitale, Gustavo Luis
245 1 0 _aDolo como realización típica consciente y querida. (Solo de quienes la ven y no de los ciegos —incluso deliberados— ni de quienes ven meras eventualidades) /
_cGustavo L. Vitale.
260 _cCiudad Autónoma de Buenos Aires :
_aThomson Reuters La Ley,
_b2025.
300 _ap. 40-49
500 _aCita: TR LALEY AR/DOC/2844/2025.
505 _aSumario: I. Introducción.— II. Casos.— III. Dos aspectos relevantes de la problemática del dolo.
505 _tSi te interesa el texto completo, solicitalo a koha@justierradelfuego.gov.ar
650 0 _9343
_aDERECHO PENAL
650 0 _92825
_aDELITO DOLOSO
650 0 _92581
_aCULPABILIDAD
650 0 _9179
_aGARANTIAS CONSTITUCIONALES ›
773 0 _02658
_93164
_tRevista de derecho penal y criminología. Nº 11 - Diciembre 2025
_dCiudad Autónoma de Buenos Aires : Thomson Reuters La Ley, 2017-
_x00347914
942 _2udc
_cANA